UM Logo

Practical electronics projects and trouble shooting/ (Record no. 4918)

MARC details
000 -LEADER
fixed length control field 00572nam a22001817a 4500
008 - FIXED-LENGTH DATA ELEMENTS--GENERAL INFORMATION
fixed length control field 160929b xxu||||| |||| 00| 0 eng d
020 ## - INTERNATIONAL STANDARD BOOK NUMBER
International Standard Book Number 9710860895
082 ## - DEWEY DECIMAL CLASSIFICATION NUMBER
Edition number 2000
Classification number DFil 621.381
Item number F15
100 ## - MAIN ENTRY--PERSONAL NAME
9 (RLIN) 15489
Personal name Faina, Juanito S.
245 ## - TITLE STATEMENT
Title Practical electronics projects and trouble shooting/
Statement of responsibility, etc. Juanito S. Faina
250 ## - EDITION STATEMENT
Edition statement Third edition
260 ## - PUBLICATION, DISTRIBUTION, ETC. (IMPRINT)
Place of publication, distribution, etc. Mandaluyong City:
Name of publisher, distributor, etc. National Book Store,
Date of publication, distribution, etc. c2000.
300 ## - PHYSICAL DESCRIPTION
Extent vi, 151 pages:
Other physical details illustrations;
Dimensions 26 cm.
500 ## - GENERAL NOTE
General note Includes index.
650 #0 - SUBJECT ADDED ENTRY--TOPICAL TERM
9 (RLIN) 15490
Topical term or geographic name as entry element Electronics
365 ## - TRADE PRICE
Price amount 460.65
Currency code Php.
942 ## - ADDED ENTRY ELEMENTS (KOHA)
Source of classification or shelving scheme Dewey Decimal Classification
Koha item type Filipiniana

No items available.